Responses for Show #67 - Tuesday, December 11, 1984

Ric Moser game 3.

Contestants

[<< previous game]

Hal Ackerman, a freelance writer originally from Brooklyn, New York

Dale Barnes, a physician originally from the Bahamas

Ric Moser, a printing broker from Raymore, Missouri (whose 2-day cash winnings total $13,000)

[next game >>]

Jeopardy! Round responses

LANDMARKS
COMEDIANS
ANIMALS
NUMBER PLEASE
AWARDS
MOVIE TRIVIA
    $100 10
The Pentagon

Ric
    $100 15
Richard Pryor

Ric
    $100 2
a fox

Dale
    $100 20
Victoria Cross

Ric
    $100 1
pool

Hal
    $200 11
the Sphinx

Ric
    $200 16
Jack Benny

Ric
    $200 3
a camel

Ric
    $200 21
(Ric: What is the Purple Cross?)
(Alex: [Before Hal responds] We've got less than a minute.)

the Purple Heart

RicHal
    $200 4
Dr. Strangelove

Hal
    $300 12
(Dale: Who is George Washington?)
(Hal: Who is Ben Franklin?)
...
(Alex: ...so closely associated with Philadelphia and the state of Pennsylvania.)

William Penn

DaleHal
Triple Stumper
    $300 17
the Smothers Brothers

Ric
    $300 5
turkeys

Ric
    $300 23
the Nobel Prize

Ric
    $300 6
All the King's Men

Ric
    $400 13
the Arc de Triomphe

Ric
    $400 18
Woody Allen

Ric
    $400 9
falconry

Ric
    $400 24
George Bernard Shaw

Hal
    $800 7
Joel Grey

Ric
    $500 14
July 4, 1776

Ric
    $500 19
Bill Cosby

Ric
    $500 22
the Portuguese man-of-war

Dale
    $500 25
[The end-of-round signal sounds.]

Roger Ebert

Dale
    $500 8
(Ric: Who was Harpo Marx?)
...
(Alex: Two individuals we seldom think of as speaking.)

Marcel Marceau

RicDale

Scores at the first commercial break (after clue 9):

Ric Dale Hal
$1,500 $600 $300

Scores at the end of the Jeopardy! Round:

Ric Dale Hal
$4,400 $1,300 $600

Double Jeopardy! Round responses

ENGLISH HISTORY
SCIENCE
ALPHABET SOUP
U.S. SENATE
GEOGRAPHY
DANCE FEVER
    $200 7
the Labor party

Dale
    $200 1
(Ric: What is a hippopotamus?)

the elephant

RicHal
    $200 21
V

Ric
    $200 8
2

Hal
    $200 16
(Alex: Less than a minute in the round.)

Mt. McKinley

Hal
    $400 10
the Armada

Ric
    $400 2
light

Hal
    $400 22
(Dale: What is S?)

L

RicDale
    $400 15
Vice President

Hal
    $400 17
(Hal: What is Budapest?)
(Alex: [*]. They go together, but it's across from Pest.)

Buda

Hal
    $600 11
England, Scotland, and Wales

Hal
    $600 3
(Dale: What is iron and what is...?)

iron and steel

Dale
Triple Stumper
    $600 12
R

Ric
    $600 23
[The end-of-round signal sounds.]

New York

Hal
    $600 18
Polynesia

Hal
    $800 13
(Dale: What is keelhauling?)

flogging

RicDale
    $800 4
(Hal: All I can say, what is the vanilla bean?)

the orchid

Hal
    $800 9
M

Ric
    $800 19
(2 of) Belgium, The Netherlands, Luxembourg

Hal
    $1000 14
Elizabeth I

Ric
    $1000 5
geology

Triple Stumper
    $1000 6
(Ric: What is ti?)
(Alex: Wrong. Sorry.)
(Hal: What is [*]?)
(Alex: [*]. That's it.)
[applause]
(Alex: Oh, wait a minute. Wait a minute. I should have accepted the "ti". I just noticed there was an additional note on my copy here, and Ric, you were right. I'm going to have to accept that from you and give you $1000, and sorry Hal, we've got to take back... Easy come, easy go, as it were, on our show. You lose the thousand I just gave you.)

B (or ti)

Ric
    $1000 20
the United Arab Emirates

Ric

Scores at the end of the Double Jeopardy! Round:

Ric Dale Hal
$10,400 -$300 $4,200
(lock game)

[wagering suggestions for these scores]

Final Jeopardy! Round responses

WOMEN IN HISTORY
HalWho is Alcott?
$4,000
RicWho was Susan B. Anthony
$1,999
Susan B. Anthony

Final scores:

Ric Dale Hal
$12,399 -$300 $200
3-day champion: $25,399 3rd place: a balans chair 2nd place: china and a range

Game dynamics:

Coryat scores:

Ric Dale Hal
$10,000 -$300 $5,000
25 R
(including 1 DD),
3 W
5 R,
4 W
14 R,
2 W
(including 1 DD)

Combined Coryat: $14,700

[game clues] [game scores] [suggest correction]

Game tape date: 1984-09-19
The J! Archive is created by fans, for fans. Scraping, republication, monetization, and malicious use prohibited; this site may use cookies and collect identifying information. See terms. The Jeopardy! game show and all elements thereof, including but not limited to copyright and trademark thereto, are the property of Jeopardy Productions, Inc. and are protected under law. This website is not affiliated with, sponsored by, or operated by Jeopardy Productions, Inc. Join the discussion at JBoard.tv.